Evidence-based Practice in Nursing & Healthcare: a guide to best practice (Record no. 6129)

MARC details
000 -LEADER
fixed length control field 00655nam a22002177a 4500
003 - CONTROL NUMBER IDENTIFIER
control field OSt
005 - DATE AND TIME OF LATEST TRANSACTION
control field 20180830150658.0
008 - FIXED-LENGTH DATA ELEMENTS--GENERAL INFORMATION
fixed length control field 180830b xxu||||| |||| 00| 0 eng d
020 ## - INTERNATIONAL STANDARD BOOK NUMBER
International Standard Book Number 9781605477787
020 ## - INTERNATIONAL STANDARD BOOK NUMBER
International Standard Book Number 1605477788
040 ## - CATALOGING SOURCE
Transcribing agency DNLM
100 ## - MAIN ENTRY--PERSONAL NAME
Personal name Mazurek, Bernadette Melnyk; Fineout-Overholt, Ellen
9 (RLIN) 12667
245 ## - TITLE STATEMENT
Title Evidence-based Practice in Nursing & Healthcare: a guide to best practice
250 ## - EDITION STATEMENT
Edition statement 2nd ed.
260 ## - PUBLICATION, DISTRIBUTION, ETC. (IMPRINT)
Place of publication, distribution, etc. Philadelphia; Wolters Kluwer, 2011
300 ## - PHYSICAL DESCRIPTION
Extent xxii,599p; col.ill: 25.5cm
504 ## - BIBLIOGRAPHY, ETC. NOTE
Bibliography, etc Appendices, glossary, & index included
650 ## - SUBJECT ADDED ENTRY--TOPICAL TERM
Topical term or geographic name as entry element Nursing
9 (RLIN) 135
650 ## - SUBJECT ADDED ENTRY--TOPICAL TERM
Topical term or geographic name as entry element Health care
9 (RLIN) 12
942 ## - ADDED ENTRY ELEMENTS (KOHA)
Source of classification or shelving scheme Other/Generic Classification Scheme
Koha item type Open Shelf
Holdings
Withdrawn status Lost status Source of classification or shelving scheme Damaged status Not for loan Home library Current library Date acquired Source of acquisition Inventory number Total Checkouts Barcode Date last seen Koha item type
    Other/Generic Classification Scheme     MUST Main Library MUST Main Library 30/08/2018   17/40449   2018-0311 30/08/2018 Open Shelf